000 00307nam a2200133Ia 4500
008 150301s2015 xx 000 0 und d
082 _a615.1
_bP15A
100 _aAGARWAL , S.P
245 _aPHARMACEUTICS -|
260 _bBIRLA PUBLISHER
300 _a280
650 _aPHARMACEUTICS
942 _2ddc
_cBK
_014
999 _c7053
_d7053